| Tag |
First Indicator |
Second Indicator |
Subfields |
| LEADER |
00000nam a2200000Ia 4500 |
| 001 |
in00004334739 |
| 005 |
20200812094025.0 |
| 006 |
m g d |
| 007 |
cr bn |||a|bb| |
| 008 |
090410s1690 enka o 000 0 eng d |
| 040 |
|
|
|a UMI
|c UMI
|e dcrb
|d UMI
|
| 035 |
|
|
|a (OCoLC)318209502
|
| 037 |
|
|
|a CL0037000131
|b ProQuest, 789 E. Eisenhower Parkway, Ann Arbor, MI 48108-3218
|
| 090 |
|
|
|a RG93
|b .A77 1690
|
| 049 |
|
|
|a UMIA
|
| 130 |
0 |
|
|a Aristotle's Masterpiece.
|
| 245 |
1 |
0 |
|a Aristotle's compleat master-piece :
|b in three parts : displaying the secrets of nature in the generation of man : regularly digested into chapters and sections, rendring it far more useful and easie than any yet extant : to which is added, a treasure of health, or, The family physician, being choice and approved remedies for all the several distempers incident to humane bodies.
|
| 250 |
|
|
|a The eleventh edition.
|
| 260 |
|
|
|a London :
|b Printed and sold by the booksellers,
|c [1690?]
|
| 300 |
|
|
|a 1 online resource (iv, 131, 16, [2] pages :
|b illustrations (some folded).
|
| 336 |
|
|
|a text
|b txt
|2 rdacontent
|
| 337 |
|
|
|a computer
|b c
|2 rdamedia
|
| 338 |
|
|
|a online resource
|b cr
|2 rdacarrier
|
| 500 |
|
|
|a Date of publication suggested by Wing (2nd edition).
|
| 500 |
|
|
|a Error in paging: pages 117 misnumbered 127.
|
| 500 |
|
|
|a Imperfect: tightly bound, faded print, and with slight loss of text.
|
| 500 |
|
|
|a Includes [2] pages of advertisements at end.
|
| 500 |
|
|
|a Reproduction of original in: British Library.
|
| 510 |
4 |
|
|a Wing (2nd edition),
|c A3697cA
|
| 533 |
|
|
|a Electronic reproduction.
|b Ann Arbor, Mich. :
|c UMI,
|d 1999-
|f (Early English books online)
|n Digital version of: (Early English Books, 1641-1700 ; 2932:18)
|7 s1999 miun s
|
| 650 |
|
0 |
|a Human reproduction
|v Early works to 1800.
|
| 650 |
|
0 |
|a Medicine, Popular
|v Early works to 1800.
|
| 650 |
|
0 |
|a Gynecology
|v Early works to 1800.
|
| 650 |
|
0 |
|a Obstetrics
|v Early works to 1800.
|
| 650 |
|
0 |
|a Midwifery
|v Early works to 1800.
|
| 830 |
|
0 |
|a Early English books online.
|
| 856 |
4 |
0 |
|u http://proxy.library.tamu.edu/login?url=https://search.proquest.com/docview/2240872067
|z Connect to the full text of this electronic book
|t 0
|
| 994 |
|
|
|a 02
|b UMI
|
| 999 |
f |
f |
|s c35b7aa4-5a56-3326-a53f-8dbbec4ff47a
|i 3dba0f8c-70c7-3fb9-ba0f-e961dccdaba1
|t 0
|
| 952 |
f |
f |
|a Texas A&M University
|b College Station
|c Electronic Resources
|d Available Online
|t 0
|e RG93 .A77 1690
|h Library of Congress classification
|
| 998 |
f |
f |
|a RG93 .A77 1690
|t 0
|l Available Online
|